000 00345nam a2200157Ia 4500
100 _aConnor/F.R
650 _aElectrical Engineering
942 _cRB
654 _aElectronic Device
245 _aElectronic Device
260 _bEdward Arnold .
_aLondon
_c1980
082 _a621.3
_bCon
300 _a121
546 _aENGLISH
999 _c18373
_d18373